[Event "EU-ch U18"]
[Site "Vejen"]
[Date "1993.??.??"]
[Round "8"]
[White "Brancaleoni, Maurizio"]
[Black "Masserey, Yvan"]
[Result "0-1"]
[WhiteElo "2195"]
[BlackElo "2320"]
[PlyCount "93"]
[EventDate "1993.??.??"]
[EventType "swiss"]
[EventRounds "11"]
[EventCountry "DEN"]
[Source "ChessBase"]
[SourceDate "1998.11.10"]

1. d4 g6 2. c4 Bg7 3. e4 d6 4. Nc3 e5 5. Nf3 Nd7 6. Be2 Ne7 7. h4 O-O 8. h5
exd4 9. Nxd4 Nc6 10. Be3 Nf6 11. hxg6 fxg6 12. Qd2 Qe8 13. O-O-O Qf7 14. f3 Ne5
15. b3 Nh5 16. Rh2 c6 17. Rg1 a6 18. g4 Nf4 19. Bd1 Ned3+ 20. Kb1 Qf6 21. Nce2
c5 22. Nxf4 Nxf4 23. Bxf4 Qxd4 24. Be3 Qa1+ 25. Kc2 Qxa2+ 26. Kd3 Qxd2+ 27.
Rxd2 Be5 28. Kc2 Be6 29. Rf1 Rad8 30. f4 Bf6 31. f5 Bf7 32. Bh6 Bg7 33. Bg5 Rd7
34. f6 Bh8 35. e5 Rfd8 36. e6 Bxe6 37. f7+ Bxf7 38. Bxd8 Rxd8 39. Bf3 b5 40.
Bb7 bxc4 41. bxc4 Bxc4 42. Bd5+ Bxd5 43. Rxd5 Be5 44. Rd3 Rf8 45. Rb1 Rf2+ 46.
Kb3 Rf4 47. g5 0-1

[Event "EU-ch U18"]
[Site "Vejen"]
[Date "1993.??.??"]
[Round "8"]
[White "Ceteras, Marius"]
[Black "Hebesberger, Thomas"]
[Result "1/2-1/2"]
[WhiteElo "2330"]
[BlackElo "2175"]
[PlyCount "116"]
[EventDate "1993.??.??"]
[EventType "swiss"]
[EventRounds "11"]
[EventCountry "DEN"]
[Source "ChessBase"]
[SourceDate "1998.11.10"]

1. d4 Nf6 2. c4 g6 3. Nc3 Bg7 4. e4 d6 5. f3 O-O 6. Be3 Nc6 7. Nge2 a6 8. Qd2
Rb8 9. a3 b5 10. cxb5 axb5 11. d5 Na5 12. Nd4 e5 13. Nc6 Nxc6 14. dxc6 Be6 15.
Nxb5 d5 16. Ba7 Rc8 17. Bc5 Re8 18. Nc3 dxe4 19. Qxd8 Rcxd8 20. fxe4 Bh6 21.
Rd1 Rxd1+ 22. Kxd1 Bb3+ 23. Ke2 Bc1 24. Kf3 Bxb2 25. Bb4 Bc2 26. Bb5 Rb8 27. a4
Bxa4 28. Nxa4 Rxb5 29. Be7 Rb3+ 30. Ke2 Bd4 31. Bxf6 Rb4 32. Kd3 Rxa4 33. Rb1
Ra3+ 34. Kd2 Ra2+ 35. Kd3 Ra3+ 36. Kd2 Ra2+ 37. Kd1 Bb2 38. Kc2 Bd4+ 39. Kc1
Bb6 40. Bxe5 Ra5 41. Bd6 Kg7 42. Bb4 Be3+ 43. Kc2 Ra6 44. Bc3+ f6 45. e5 Rxc6
46. exf6+ Kf7 47. Rd1 Bg5 48. Rd7+ Kf8 49. Kd3 Rd6+ 50. Rxd6 cxd6 51. Ke4 Kf7
52. Kd5 Bxf6 53. Bb4 Be5 54. Bxd6 Bxd6 55. Kxd6 Kf6 56. Kd5 Kf5 57. Kd4 Kf4 58.
Kd3 h5 1/2-1/2

[Event "EU-ch U18"]
[Site "Vejen"]
[Date "1993.??.??"]
[Round "8"]
[White "Danielian, Oganes"]
[Black "Savko, Alexei"]
[Result "1/2-1/2"]
[WhiteElo "2460"]
[BlackElo "2340"]
[PlyCount "62"]
[EventDate "1993.??.??"]
[EventType "swiss"]
[EventRounds "11"]
[EventCountry "DEN"]
[Source "ChessBase"]
[SourceDate "1998.11.10"]

1. d4 d5 2. c4 c6 3. Nc3 Nf6 4. Nf3 dxc4 5. e3 b5 6. a4 b4 7. Nb1 Ba6 8. Be2 e6
9. O-O Be7 10. Ne5 O-O 11. Bxc4 Bxc4 12. Nxc4 c5 13. dxc5 Bxc5 14. Nbd2 Qd5 15.
b3 Nbd7 16. Bb2 Rfd8 17. Qe2 Ne4 18. Rfd1 Nc3 19. Bxc3 bxc3 20. Nf3 Qb7 21. Qc2
Bb4 22. Rd4 Nf6 23. Rad1 Rxd4 24. Nxd4 h6 25. f3 Rb8 26. Ne2 Nd5 27. e4 Bc5+
28. Kf1 Nb4 29. Qxc3 Na2 30. Qb2 Qxb3 31. Rb1 Qxb2 1/2-1/2

[Event "EU-ch U18"]
[Site "Vejen"]
[Date "1993.??.??"]
[Round "8"]
[White "Fyllingen, Roy Harald"]
[Black "Kempinski, Robert"]
[Result "1-0"]
[WhiteElo "2330"]
[BlackElo "2370"]
[PlyCount "109"]
[EventDate "1993.??.??"]
[EventType "swiss"]
[EventRounds "11"]
[EventCountry "DEN"]
[Source "ChessBase"]
[SourceDate "1998.11.10"]

1. d4 Nf6 2. c4 g6 3. Nc3 Bg7 4. e4 d6 5. Nge2 O-O 6. Ng3 Na6 7. Be2 e5 8. d5
h5 9. Bg5 Qe8 10. h4 Ng4 11. f3 f6 12. fxg4 fxg5 13. hxg5 Qe7 14. Qd2 hxg4 15.
Nf1 Nc5 16. g3 Bd7 17. Nh2 c6 18. Nxg4 Bxg4 19. Bxg4 cxd5 20. b4 Ne6 21. Qxd5
Rae8 22. Ke2 Qf7 23. Raf1 Nd4+ 24. Kd3 Qxd5 25. Nxd5 Ne6 26. Bxe6+ Rxe6 27.
Rxf8+ Bxf8 28. Rf1 Kg7 29. g4 Re8 30. Rf6 Rc8 31. a4 Rc6 32. Kc3 Rc8 33. a5 Rc6
34. Rf2 Rc8 35. Rf1 Rc6 36. Rf6 Rc8 37. b5 Rc5 38. Kb4 Rc8 39. b6 a6 40. Kb3
Rc6 41. Nc7 Be7 42. Ne6+ Kg8 43. Rxg6+ Kf7 44. Rh6 Rc8 45. Nc7 Bxg5 46. Rxd6
Rh8 47. Rd7+ Kg6 48. c5 Be3 49. c6 bxc6 50. b7 Rh1 51. Nxa6 Ba7 52. Nb4 Rb1+
53. Ka3 Rc1 54. Rc7 Kg5 55. Nxc6 1-0

[Event "EU-ch U18"]
[Site "Vejen"]
[Date "1993.??.??"]
[Round "8"]
[White "Kiriakov, Petr"]
[Black "Rogozenco, Dorian"]
[Result "1/2-1/2"]
[WhiteElo "2385"]
[BlackElo "2500"]
[PlyCount "111"]
[EventDate "1993.??.??"]
[EventType "swiss"]
[EventRounds "11"]
[EventCountry "DEN"]
[Source "ChessBase"]
[SourceDate "1998.11.10"]

1. d4 d5 2. c4 c6 3. Nf3 Nf6 4. e3 Bg4 5. h3 Bxf3 6. Qxf3 Qd6 7. Nc3 e5 8. cxd5
exd4 9. exd4 Nxd5 10. Bc4 Nf6 11. O-O Be7 12. Bf4 Qxd4 13. Rfe1 O-O 14. Rxe7
Qxc4 15. Rxb7 Nbd7 16. Rd1 Qe6 17. Qe3 Qxe3 18. Bxe3 Rfb8 19. Rxb8+ Rxb8 20. b3
a6 21. Rd4 Kf8 22. Bf4 Rc8 23. Ra4 Ra8 24. Bd6+ Ke8 25. Rb4 Kd8 26. g4 h6 27.
Kg2 Ne8 28. Bf4 Nc7 29. Rc4 Ne6 30. Bg3 c5 31. Ne4 f6 32. Nd6 Nb6 33. Rc1 Kd7
34. Ne4 Kc6 35. f4 Re8 36. Kf2 Nd7 37. Nd2 Nd4 38. Nf3 Kd5 39. Nxd4 cxd4 40.
Rc7 Nc5 41. f5 d3 42. Bf4 Kd4 43. Kf3 Re1 44. Bd2 Rf1+ 45. Kg2 Rd1 46. Bb4 Ne4
47. Rxg7 d2 48. Rd7+ Ke3 49. Bf8 Rc1 50. Bxh6+ Ke2 51. Bxd2 Nxd2 52. h4 Ne4 53.
g5 fxg5 54. hxg5 Nxg5 55. Rd6 Ne4 56. Rxa6 1/2-1/2

[Event "EU-ch U18"]
[Site "Vejen"]
[Date "1993.??.??"]
[Round "8"]
[White "Liiva, Riho"]
[Black "Nielsen, Peter Heine"]
[Result "1/2-1/2"]
[WhiteElo "2360"]
[BlackElo "2465"]
[PlyCount "65"]
[EventDate "1993.??.??"]
[EventType "swiss"]
[EventRounds "11"]
[EventCountry "DEN"]
[Source "ChessBase"]
[SourceDate "1998.11.10"]

1. e4 c6 2. c4 e5 3. Nf3 d6 4. d4 Bg4 5. Be2 Nd7 6. Nc3 Be7 7. O-O Ngf6 8. Be3
O-O 9. Nd2 Bxe2 10. Qxe2 Re8 11. f4 Bf8 12. Kh1 a6 13. a4 g6 14. fxe5 dxe5 15.
d5 a5 16. Qf3 Kg7 17. g4 Bc5 18. g5 Nh5 19. Qxf7+ Kh8 20. Qf2 Rf8 21. Qg1 Qe7
22. Ne2 Kg8 23. b3 Bb4 24. Rxf8+ Rxf8 25. Rf1 Nc5 26. Rxf8+ Qxf8 27. Qg2 Bxd2
28. Bxd2 Nxb3 29. Bc3 Nf4 30. Qg4 Nxe2 31. Qe6+ Qf7 32. Qc8+ Qf8 33. Qe6+
1/2-1/2

[Event "EU-ch U18"]
[Site "Vejen"]
[Date "1993.??.??"]
[Round "8"]
[White "Maiwald, Jens Uwe"]
[Black "Georgiev, Vladimir"]
[Result "1/2-1/2"]
[WhiteElo "2430"]
[BlackElo "2430"]
[PlyCount "54"]
[EventDate "1993.??.??"]
[EventType "swiss"]
[EventRounds "11"]
[EventCountry "DEN"]
[Source "ChessBase"]
[SourceDate "1998.11.10"]

1. d4 Nf6 2. Nf3 e6 3. c4 a6 4. Nc3 c5 5. dxc5 Bxc5 6. e3 O-O 7. Be2 Be7 8. O-O
Qc7 9. Nd4 Nc6 10. b3 b6 11. Nxc6 dxc6 12. Bb2 e5 13. Qc2 Be6 14. Rad1 Nd7 15.
e4 f6 16. Rd2 Rfd8 17. Rfd1 Nf8 18. Bf3 Rxd2 19. Rxd2 Rd8 20. Ne2 Kf7 21. h3
Rxd2 22. Qxd2 Nd7 23. Qc2 Bc5 24. Nc1 Bd4 25. Ba3 c5 26. Nd3 a5 27. Qe2 g6
1/2-1/2

[Event "EU-ch U18"]
[Site "Vejen"]
[Date "1993.??.??"]
[Round "8"]
[White "Oms Pallisse, Josep"]
[Black "Lassila, Erkki"]
[Result "1-0"]
[WhiteElo "2150"]
[BlackElo "2115"]
[PlyCount "89"]
[EventDate "1993.??.??"]
[EventType "swiss"]
[EventRounds "11"]
[EventCountry "DEN"]
[Source "ChessBase"]
[SourceDate "1998.11.10"]

1. c4 Nf6 2. Nc3 c5 3. Nf3 Nc6 4. g3 g6 5. Bg2 Bg7 6. d4 cxd4 7. Nxd4 O-O 8.
O-O Nxd4 9. Qxd4 d6 10. Qd3 Bf5 11. e4 Be6 12. Bd2 a6 13. b3 Rb8 14. Rac1 Qd7
15. a4 Bh3 16. f3 Bxg2 17. Kxg2 Rfc8 18. Be3 b6 19. Rfd1 Qb7 20. Qe2 h5 21. Rc2
Kf8 22. Rdc1 Nd7 23. Nd5 Nc5 24. Rb1 e6 25. Nc3 Bxc3 26. Rxc3 b5 27. cxb5 axb5
28. axb5 Qxb5 29. Qxb5 Rxb5 30. e5 Rd8 31. Rd1 Nb7 32. Bg5 Rb8 33. Bf6 d5 34.
Rdc1 Ke8 35. Rc7 Nd8 36. Re7+ Kf8 37. Rd7 Ke8 38. Rcc7 Rxb3 39. Re7+ Kf8 40.
Red7 Rb2+ 41. Kh3 Ke8 42. Bg7 Nc6 43. Rxf7 Kd8 44. Bf6+ Ke8 45. Rh7 1-0

[Event "EU-ch U18"]
[Site "Vejen"]
[Date "1993.??.??"]
[Round "8"]
[White "Peart, Alan"]
[Black "Huberty, Marc"]
[Result "1-0"]
[WhiteElo "2115"]
[BlackElo "2130"]
[PlyCount "71"]
[EventDate "1993.??.??"]
[EventType "swiss"]
[EventRounds "11"]
[EventCountry "DEN"]
[Source "ChessBase"]
[SourceDate "1998.11.10"]

1. e4 c5 2. c3 g6 3. Nf3 a6 4. Be2 d6 5. O-O Nf6 6. Re1 Nc6 7. d4 cxd4 8. cxd4
Bg7 9. Nc3 O-O 10. d5 Na7 11. a4 Bg4 12. Qb3 Qb8 13. h3 Bxf3 14. Bxf3 b5 15.
Be3 b4 16. Ne2 a5 17. Rac1 Qb7 18. Rc4 Rfc8 19. Rec1 Rxc4 20. Rxc4 Rc8 21. Nd4
Rxc4 22. Qxc4 Nd7 23. Nc6 Ne5 24. Nxe5 Bxe5 25. b3 Kf8 26. Be2 Nc8 27. Qa6 Qc7
28. Qc6 Qxc6 29. dxc6 Ke8 30. Ba6 Kd8 31. Bxc8 Kxc8 32. Bb6 d5 33. exd5 Bc7 34.
Bc5 Kd8 35. g3 Be5 36. Kg2 1-0

[Event "EU-ch U18"]
[Site "Vejen"]
[Date "1993.??.??"]
[Round "8"]
[White "Petrov, Jole"]
[Black "Tratar, Marko"]
[Result "1/2-1/2"]
[WhiteElo "2360"]
[BlackElo "2290"]
[PlyCount "22"]
[EventDate "1993.??.??"]
[EventType "swiss"]
[EventRounds "11"]
[EventCountry "DEN"]
[Source "ChessBase"]
[SourceDate "1998.11.10"]

1. c4 g6 2. Nc3 Bg7 3. g3 c5 4. Bg2 Nc6 5. Nf3 e6 6. O-O Nge7 7. e3 O-O 8. d4
cxd4 9. Nxd4 d5 10. cxd5 exd5 11. Nb3 Be6 1/2-1/2

[Event "EU-ch U18"]
[Site "Vejen"]
[Date "1993.??.??"]
[Round "8"]
[White "Silva, Paulo"]
[Black "Roberts, Paul"]
[Result "0-1"]
[WhiteElo "1950"]
[BlackElo "2195"]
[PlyCount "58"]
[EventDate "1993.??.??"]
[EventType "swiss"]
[EventRounds "11"]
[EventCountry "DEN"]
[Source "ChessBase"]
[SourceDate "1998.11.10"]

1. c4 Nf6 2. Nc3 g6 3. g3 Bg7 4. Bg2 d6 5. Nf3 O-O 6. O-O e5 7. d3 Nc6 8. Rb1
a5 9. a3 Nd4 10. b4 axb4 11. axb4 c6 12. e3 Nxf3+ 13. Bxf3 Be6 14. Qe2 d5 15.
c5 Qd7 16. d4 exd4 17. exd4 Bf5 18. Rb3 Rfe8 19. Qb2 Ne4 20. Be3 Bh3 21. Ra1
Rxa1+ 22. Qxa1 Bxd4 23. Bxe4 dxe4 24. Qd1 Bxe3 25. fxe3 Qe6 26. Rb1 Qf6 27. Qe1
Rd8 28. Ne2 Qf3 29. Qf2 Rd2 0-1

[Event "EU-ch U18"]
[Site "Vejen"]
[Date "1993.??.??"]
[Round "8"]
[White "Skrebnevskis, Romanas"]
[Black "Pedersen, Steffen"]
[Result "1/2-1/2"]
[WhiteElo "2105"]
[BlackElo "2385"]
[PlyCount "139"]
[EventDate "1993.??.??"]
[EventType "swiss"]
[EventRounds "11"]
[EventCountry "DEN"]
[Source "ChessBase"]
[SourceDate "1998.11.10"]

1. e4 e5 2. Nf3 d6 3. Bc4 Nf6 4. Ng5 d5 5. exd5 h6 6. Nf3 e4 7. Ne5 Bd6 8. d4
Nbd7 9. Nxd7 Bxd7 10. h3 Qe7 11. Be3 O-O-O 12. Nc3 Nh7 13. Qe2 f5 14. O-O-O Nf6
15. Rhe1 g5 16. Bb5 Bb4 17. Bd2 Bxc3 18. Bxc3 Nxd5 19. Bd2 Bxb5 20. Qxb5 Qf7
21. c4 Nf4 22. Bxf4 gxf4 23. g3 fxg3 24. fxg3 Rhg8 25. Re3 f4 26. Rb3 c6 27.
Qc5 fxg3 28. d5 Kb8 29. Qxc6 g2 30. Qc5 Qf4+ 31. Kb1 Rc8 32. Qg1 Rxc4 33. d6
Rgc8 34. Rc3 Rxc3 35. bxc3 Qf3 36. d7 Rd8 37. Qd4 a6 38. Kb2 e3 39. Qb6 Qf8 40.
Qxe3 Ka8 41. Qg1 Qg8 42. Rd2 Qg7 43. Qxg2 Rxd7 44. Qxg7 Rxg7 45. Rd6 h5 46. Rd5
Rh7 47. h4 Kb8 48. Kb3 Kc7 49. a4 Kc6 50. Rf5 b6 51. Kb4 a5+ 52. Kc4 Rh6 53.
Rg5 Rf6 54. Rxh5 Rf4+ 55. Kb3 Rg4 56. Rh7 Rf4 57. h5 Rh4 58. h6 Rh2 59. Rh8 Rh4
60. h7 Kb7 61. Kc2 Rh3 62. Kd2 Rh2+ 63. Kd3 Rh3+ 64. Kd4 Rh4+ 65. Kd5 Rh1 66.
c4 Rd1+ 67. Ke4 Re1+ 68. Kd3 Rd1+ 69. Kc2 Rh1 70. Kc3 1/2-1/2

[Event "EU-ch U18"]
[Site "Vejen"]
[Date "1993.??.??"]
[Round "8"]
[White "Turner, Matthew"]
[Black "Guliev, Logman"]
[Result "1-0"]
[WhiteElo "2400"]
[BlackElo "2315"]
[PlyCount "161"]
[EventDate "1993.??.??"]
[EventType "swiss"]
[EventRounds "11"]
[EventCountry "DEN"]
[Source "ChessBase"]
[SourceDate "1998.11.10"]

1. d4 Nf6 2. c4 g6 3. Nc3 Bg7 4. e4 d6 5. f3 O-O 6. Be3 Nc6 7. Nge2 a6 8. Qd2
Rb8 9. Nc1 e5 10. d5 Nd4 11. Nb3 Nxb3 12. axb3 c5 13. b4 b6 14. b5 axb5 15.
Nxb5 Ne8 16. Bd3 f5 17. exf5 gxf5 18. O-O Nc7 19. Bg5 Qd7 20. Nxc7 Qxc7 21. Ra3
Qf7 22. Rfa1 b5 23. cxb5 Qxd5 24. Bh6 Rb7 25. Bxg7 Rxg7 26. Ra7 Bb7 27. Qe2 Kh8
28. Kh1 Qe6 29. b6 Qb3 30. Bb5 c4 31. Bxc4 Qxb6 32. R7a5 Rc8 33. Rb5 Qc7 34.
Be6 Rf8 35. Qc4 Qd8 36. Bd5 Qg5 37. g3 Bxd5 38. Qxd5 Qe3 39. Rb3 Qh6 40. Ra8
Qc1+ 41. Kg2 Rxa8 42. Qxa8+ Rg8 43. Qd5 Qc2+ 44. Kh3 f4 45. Qe6 Qc7 46. Rc3 Qd8
47. g4 Re8 48. Qf7 Rf8 49. Qb7 Qf6 50. Rc8 h5 51. Rxf8+ Qxf8 52. gxh5 Qf5+ 53.
Kh4 Qf6+ 54. Kg4 Qe6+ 55. Kg5 e4 56. Qb8+ Kg7 57. Qc7+ Kh8 58. Qb8+ Kg7 59.
Qb7+ Kh8 60. Kxf4 Qe5+ 61. Kg4 exf3 62. h6 f2 63. Qa8+ Kh7 64. Qa7+ Kxh6 65.
Qxf2 Qe6+ 66. Kf4 Qf7+ 67. Ke3 Qb3+ 68. Ke4 Qc4+ 69. Qd4 Qe6+ 70. Kd3 Qf5+ 71.
Kc4 Qe6+ 72. Kb5 Qe2+ 73. Kb6 Kg5 74. h4+ Kf5 75. b4 Ke6 76. b5 d5 77. Qh8 Qc4
78. h5 Kd7 79. Qg7+ Kd6 80. Qg3+ Ke6 81. h6 1-0

[Event "EU-ch U18"]
[Site "Vejen"]
[Date "1993.??.??"]
[Round "8"]
[White "Vedder, Henk"]
[Black "Aagaard, Jacob"]
[Result "1/2-1/2"]
[WhiteElo "2385"]
[BlackElo "2255"]
[PlyCount "25"]
[EventDate "1993.??.??"]
[EventType "swiss"]
[EventRounds "11"]
[EventCountry "DEN"]
[Source "ChessBase"]
[SourceDate "1998.11.10"]

1. e4 c5 2. Nf3 d6 3. Nc3 Nf6 4. e5 dxe5 5. Nxe5 a6 6. g3 Qc7 7. d4 e6 8. Bg2
cxd4 9. Qxd4 Bc5 10. Qa4+ b5 11. Qf4 Bb7 12. Bxb7 Qxb7 13. O-O 1/2-1/2

[Event "EU-ch U18"]
[Site "Vejen"]
[Date "1993.??.??"]
[Round "9"]
[White "Borovikov, Vladislav"]
[Black "Aleksandrov, Aleksej"]
[Result "1/2-1/2"]
[WhiteElo "2385"]
[BlackElo "2530"]
[PlyCount "57"]
[EventDate "1993.??.??"]
[EventType "swiss"]
[EventRounds "11"]
[EventCountry "DEN"]
[Source "ChessBase"]
[SourceDate "1998.11.10"]

1. d4 Nf6 2. Nf3 d5 3. c4 e6 4. Nc3 Bb4 5. Bg5 h6 6. Bh4 dxc4 7. a3 Bxc3+ 8.
bxc3 c6 9. Nd2 Qa5 10. Bxf6 gxf6 11. Qc1 b5 12. a4 Qc7 13. g3 Bb7 14. Bg2 Nd7
15. Qa3 Nb6 16. O-O a6 17. Ne4 Nxa4 18. Nd6+ Kd7 19. Nxc4 Rhd8 20. Rfb1 Rab8
21. Nd2 Ke8 22. Qc1 Kf8 23. Nf3 Kg7 24. c4 c5 25. cxb5 Bxf3 26. Bxf3 axb5 27.
dxc5 Qxc5 28. Qxc5 Nxc5 29. Ra5 1/2-1/2

[Event "EU-ch U18"]
[Site "Vejen"]
[Date "1993.??.??"]
[Round "9"]
[White "Ceteras, Marius"]
[Black "Nilssen, John Arni"]
[Result "1/2-1/2"]
[WhiteElo "2330"]
[BlackElo "2265"]
[PlyCount "92"]
[EventDate "1993.??.??"]
[EventType "swiss"]
[EventRounds "11"]
[EventCountry "DEN"]
[Source "ChessBase"]
[SourceDate "1998.11.10"]

1. e4 c5 2. Nf3 Nc6 3. d4 cxd4 4. Nxd4 e5 5. Nb5 d6 6. Bc4 Be7 7. N5c3 Nf6 8.
Bg5 Be6 9. Bb3 O-O 10. Bxf6 Bxf6 11. O-O Kh8 12. Nd2 Nd4 13. Nd5 Bg5 14. c3
Nxb3 15. Nxb3 f5 16. Qd3 fxe4 17. Qxe4 Qd7 18. Rad1 Bf5 19. Qe2 Qa4 20. Ra1
Rac8 21. Ne3 Be6 22. Nd2 d5 23. Nf3 Bf6 24. Nd1 Bg4 25. Qe3 d4 26. Qe4 Bxf3 27.
Qxf3 Qd7 28. Qd3 Qc6 29. f3 Rfd8 30. cxd4 Rxd4 31. Qb3 e4 32. fxe4 Rxe4 33. Nc3
Rg4 34. Qc2 h6 35. Qe2 Qc5+ 36. Kh1 Rh4 37. Rac1 Qd6 38. h3 Rd8 39. Rcd1 Rd4
40. Rxd4 Qxd4 41. Rd1 Qb6 42. Rxd8+ Qxd8 43. Ne4 Qe7 44. b3 Qe5 45. g3 Bd8 46.
Kg2 Bb6 1/2-1/2

[Event "EU-ch U18"]
[Site "Vejen"]
[Date "1993.??.??"]
[Round "9"]
[White "Georgiev, Vladimir"]
[Black "Papaioannou, Ioannis"]
[Result "0-1"]
[WhiteElo "2430"]
[BlackElo "2385"]
[PlyCount "108"]
[EventDate "1993.??.??"]
[EventType "swiss"]
[EventRounds "11"]
[EventCountry "DEN"]
[Source "ChessBase"]
[SourceDate "1998.11.10"]

1. e4 c5 2. Nf3 e6 3. d4 cxd4 4. Nxd4 Nf6 5. Nc3 d6 6. g3 Be7 7. Bg2 O-O 8. O-O
a6 9. Be3 Qc7 10. f4 Nc6 11. Nxc6 bxc6 12. Na4 Rb8 13. c4 Nd7 14. Qd2 Rd8 15.
Rad1 c5 16. b3 Bb7 17. Qe2 Bc6 18. Nc3 Bf6 19. Qc2 a5 20. Ne2 a4 21. f5 axb3
22. axb3 exf5 23. Rxf5 Be5 24. Bf4 g6 25. Bxe5 Nxe5 26. Rff1 Qe7 27. Nf4 Rb6
28. Ra1 Rdb8 29. Ra3 Ng4 30. Qd3 Qe5 31. Rb1 Nf6 32. Nd5 Bxd5 33. exd5 Ng4 34.
Bh3 Qe3+ 35. Qxe3 Nxe3 36. Bf1 Nc2 37. Ra7 Nd4 38. Rd7 Nf3+ 39. Kf2 Ne5 40. Ra7
Rxb3 41. Rxb3 Rxb3 42. Ra6 Ng4+ 43. Ke1 Rb1+ 44. Ke2 Nxh2 45. Bh3 Rb2+ 46. Ke3
Rb3+ 47. Kf2 Nf3 48. Rxd6 Ng5 49. Rd8+ Kg7 50. Bc8 Ne4+ 51. Ke1 Rxg3 52. Ke2
Rc3 53. Ba6 f5 54. d6 f4 0-1

[Event "EU-ch U18"]
[Site "Vejen"]
[Date "1993.??.??"]
[Round "9"]
[White "Hedman, Erik"]
[Black "Silva, Paulo"]
[Result "1-0"]
[WhiteElo "2255"]
[BlackElo "1950"]
[PlyCount "211"]
[EventDate "1993.??.??"]
[EventType "swiss"]
[EventRounds "11"]
[EventCountry "DEN"]
[Source "ChessBase"]
[SourceDate "1998.11.10"]

1. d4 d5 2. c4 e6 3. Nc3 c5 4. e3 cxd4 5. exd4 Nf6 6. Nf3 Be7 7. Bd3 O-O 8. O-O
dxc4 9. Bxc4 Nbd7 10. Qd3 Nb6 11. Bb3 Nbd5 12. Ne5 Nb4 13. Qe3 Nfd5 14. Qh3 Bf6
15. Ne4 Nc6 16. Nxc6 bxc6 17. Nxf6+ Nxf6 18. Qh4 Ba6 19. Re1 Bd3 20. Bd2 Nd5
21. Qg3 Bg6 22. Rac1 Rc8 23. Rc5 Nf6 24. Qf4 Nd5 25. Qg3 Nf6 26. Qh4 Nd5 27.
Qxd8 Rfxd8 28. Rec1 Nb6 29. Rxc6 Rxc6 30. Rxc6 Be4 31. Rc7 Rd7 32. Rxd7 Nxd7
33. Ba4 Nb6 34. Bb5 Bb7 35. Ba5 Nd5 36. f3 a6 37. Bc4 Kf8 38. Kf2 Ke7 39. Bd2
Kd6 40. Ke2 Kc7 41. Kd3 Kd6 42. Kc2 Kc6 43. Kb3 Kb6 44. Kc2 Bc6 45. Bd3 h6 46.
b3 Bd7 47. Kd1 Bc8 48. Ke2 Bb7 49. g4 Kc6 50. Be4 Kd6 51. Bb4+ Nxb4 52. Bxb7
Kc7 53. Be4 Nxa2 54. Kd3 Nc1+ 55. Kc4 Kb6 56. f4 Ne2 57. f5 Nf4 58. h4 g5 59.
hxg5 hxg5 60. f6 a5 61. d5 exd5+ 62. Bxd5 Nxd5 63. Kxd5 Kb5 64. Kd6 Kb4 65. Ke7
Kxb3 66. Kxf7 a4 67. Kg6 a3 68. f7 a2 69. f8=Q a1=Q 70. Qb8+ Kc2 71. Qc7+ Kb3
72. Kxg5 Qd4 73. Qf7+ Ka3 74. Qe7+ Kb3 75. Qe6+ Ka4 76. Kg6 Qd3+ 77. Kh6 Qh3+
78. Kg7 Qc3+ 79. Kg8 Qd2 80. Qa6+ Kb4 81. Qb7+ Ka4 82. Qa7+ Kb3 83. Qe7 Ka4 84.
g5 Qd5+ 85. Kh7 Qd3+ 86. g6 Qh3+ 87. Kg8 Qc8+ 88. Kf7 Qc4+ 89. Kg7 Qc3+ 90. Kf8
Qf3+ 91. Qf7 Qa3+ 92. Ke8 Qe3+ 93. Qe7 Qh6 94. g7 Qg6+ 95. Kd8 Qb6+ 96. Qc7
Qf6+ 97. Kc8 Qa6+ 98. Kb8 Qe6 99. Qg3 Qe8+ 100. Kc7 Qe7+ 101. Kc6 Qe6+ 102. Qd6
Qe8+ 103. Qd7 Qg8 104. Kc5+ Ka3 105. Qh3+ Kb2 106. Qh8 1-0

[Event "EU-ch U18"]
[Site "Vejen"]
[Date "1993.??.??"]
[Round "9"]
[White "Izsak, Gyula"]
[Black "Skrebnevskis, Romanas"]
[Result "0-1"]
[WhiteElo "2385"]
[BlackElo "2105"]
[PlyCount "60"]
[EventDate "1993.??.??"]
[EventType "swiss"]
[EventRounds "11"]
[EventCountry "DEN"]
[Source "ChessBase"]
[SourceDate "1998.11.10"]

1. d4 Nf6 2. c4 e6 3. Nc3 Bb4 4. Qc2 O-O 5. a3 Bxc3+ 6. Qxc3 b6 7. Nf3 Bb7 8.
Bg5 c5 9. e3 Nc6 10. dxc5 bxc5 11. Bd3 h6 12. Bh4 Qa5 13. Qxa5 Nxa5 14. b4 Nc6
15. Rb1 cxb4 16. Bxf6 gxf6 17. axb4 a5 18. b5 Nb4 19. Ke2 Rfc8 20. Rhc1 Rc5 21.
Nd4 Nxd3 22. Kxd3 a4 23. Ra1 Kf8 24. f3 f5 25. Ra3 d5 26. Rc2 Rd8 27. f4 dxc4+
28. Rxc4 Rxb5 29. Raxa4 Bxg2 30. Ra7 Bf1+ 0-1

[Event "EU-ch U18"]
[Site "Vejen"]
[Date "1993.??.??"]
[Round "9"]
[White "Kempinski, Robert"]
[Black "Masserey, Yvan"]
[Result "1/2-1/2"]
[WhiteElo "2370"]
[BlackElo "2320"]
[PlyCount "62"]
[EventDate "1993.??.??"]
[EventType "swiss"]
[EventRounds "11"]
[EventCountry "DEN"]
[Source "ChessBase"]
[SourceDate "1998.11.10"]

1. Nf3 Nc6 2. d4 d5 3. c4 Bg4 4. e3 e6 5. Be2 Bb4+ 6. Nbd2 Nf6 7. O-O O-O 8. a3
Bxd2 9. Bxd2 dxc4 10. Qc2 e5 11. dxe5 Nxe5 12. Bb4 Bxf3 13. Bxf3 Nxf3+ 14. gxf3
Re8 15. Rfd1 Qc8 16. Qxc4 Qf5 17. Qxc7 Qxf3 18. Qg3 Qf5 19. Bc3 Rad8 20. Qg2 b6
21. Rac1 h6 22. Rxd8 Rxd8 23. Bd4 Kh7 24. h3 Rd6 25. Rc6 Rxc6 26. Qxc6 Qxh3 27.
Bxf6 Qg4+ 28. Kf1 Qg6 29. Qd7 Qxf6 30. Qxa7 Qxb2 31. Qxf7 Qxa3 1/2-1/2

[Event "EU-ch U18"]
[Site "Vejen"]
[Date "1993.??.??"]
[Round "9"]
[White "Lassila, Erkki"]
[Black "Peart, Alan"]
[Result "1/2-1/2"]
[WhiteElo "2115"]
[BlackElo "2115"]
[PlyCount "63"]
[EventDate "1993.??.??"]
[EventType "swiss"]
[EventRounds "11"]
[EventCountry "DEN"]
[Source "ChessBase"]
[SourceDate "1998.11.10"]

1. d4 Nf6 2. c4 c5 3. Nf3 cxd4 4. Nxd4 b6 5. f3 Bb7 6. e4 Nc6 7. Be3 g6 8. Nc3
Bg7 9. Be2 O-O 10. O-O d6 11. Qd2 Nd7 12. Nd5 Nxd4 13. Bxd4 f5 14. Bxg7 Kxg7
15. Nf4 Nc5 16. b4 e5 17. bxc5 exf4 18. cxd6 fxe4 19. fxe4 Qf6 20. Bf3 Qe5 21.
Qd3 Rfd8 22. Rad1 Rac8 23. Qd4 Kf6 24. g3 Qxd4+ 25. Rxd4 Ke5 26. Rfd1 fxg3 27.
hxg3 h5 28. Bg2 g5 29. Kf2 Rc5 30. a3 Ra5 31. R4d3 Ra4 32. Rc3 1/2-1/2

[Event "EU-ch U18"]
[Site "Vejen"]
[Date "1993.??.??"]
[Round "9"]
[White "Nielsen, Peter Heine"]
[Black "Fyllingen, Roy Harald"]
[Result "1-0"]
[WhiteElo "2465"]
[BlackElo "2330"]
[PlyCount "101"]
[EventDate "1993.??.??"]
[EventType "swiss"]
[EventRounds "11"]
[EventCountry "DEN"]
[Source "ChessBase"]
[SourceDate "1998.11.10"]

1. e4 e5 2. Nf3 Nc6 3. Bb5 a6 4. Bxc6 dxc6 5. O-O f6 6. d4 Bg4 7. c3 Ne7 8. h3
Bxf3 9. Qxf3 Ng6 10. Rd1 Bd6 11. dxe5 fxe5 12. Qf5 Rf8 13. Qe6+ Qe7 14. Qxe7+
Kxe7 15. Be3 b5 16. g3 a5 17. Nd2 a4 18. Rac1 c5 19. c4 b4 20. Kg2 Rf7 21. Nf3
h6 22. h4 Nf8 23. h5 Ne6 24. Nh4 Nd4 25. Bxd4 exd4 26. f4 Ke6 27. e5 Be7 28.
Ng6 Ra6 29. g4 Kd7 30. f5 Ke8 31. e6 Rf6 32. Rd3 Rd6 33. Re1 Rxg6 34. hxg6 Bf6
35. Kf3 Ke7 36. b3 a3 37. g5 hxg5 38. Rh1 Rd8 39. Ke4 g4 40. Kf4 Kd6 41. Kxg4
Ke5 42. Re1+ Kd6 43. Rh3 Ke7 44. Rd1 Rd6 45. Rdd3 Rd8 46. Kf4 Rd6 47. Rh8 Ra6
48. Rc8 Kd6 49. Rf8 Be5+ 50. Ke4 Bf6 51. Rh3 1-0

[Event "EU-ch U18"]
[Site "Vejen"]
[Date "1993.??.??"]
[Round "9"]
[White "Petrov, Jole"]
[Black "Turner, Matthew"]
[Result "1/2-1/2"]
[WhiteElo "2360"]
[BlackElo "2370"]
[PlyCount "83"]
[EventDate "1993.??.??"]
[EventType "swiss"]
[EventRounds "11"]
[EventCountry "DEN"]
[Source "ChessBase"]
[SourceDate "1998.11.10"]

1. Nf3 Nf6 2. g3 g6 3. Bg2 Bg7 4. O-O O-O 5. c4 c5 6. Nc3 Nc6 7. d4 cxd4 8.
Nxd4 Nxd4 9. Qxd4 d6 10. Qd3 Be6 11. e4 Ng4 12. b3 Qa5 13. Bd2 Qh5 14. h3 Ne5
15. Qe2 Qxe2 16. Nxe2 Bxh3 17. Rad1 Bd7 18. Bg5 Rfe8 19. Rfe1 Bg4 20. Rd2 a6
21. Nd4 Rac8 22. Be3 Bd7 23. Nc2 b5 24. cxb5 axb5 25. Nb4 h5 26. Bg5 Bg4 27.
Nd5 Kf8 28. a4 bxa4 29. bxa4 Nf3+ 30. Bxf3 Bxf3 31. Rd3 Bg4 32. a5 Ra8 33. Ra3
Be6 34. Nc7 Bb2 35. Rf3 Bg4 36. Rd3 f6 37. Be3 Rxa5 38. Nxe8 Kxe8 39. Rb3 Ra1
40. Rxa1 Bxa1 41. Ra3 Bb2 42. Rb3 1/2-1/2